| 000 | 00597nam a2200205 i 4500 | ||
|---|---|---|---|
| 001 | 106380 | ||
| 003 | ES-MaACL | ||
| 005 | 20250708022730.0 | ||
| 007 | t| | ||
| 008 | 061106s1998 fr ||||1| fre d | ||
| 020 | _a2-913432-0-X | ||
| 080 | _a784.4(44)"19" | ||
| 245 | 0 | 0 |
_a258 chansons du temps que passe _b: populaires & de France. |
| 260 |
_aAlbi : _bLa Boîte áa Livres, _c1998. |
||
| 300 |
_a271 p ; _c21 cm. |
||
| 500 | _aBiblioteca Jacinto Martínez Lacalle. | ||
| 650 | 1 | 4 |
_aCanciones francesas- _yS.XX _910729 |
| 852 |
_aES-MaACL _jE-11372 _bR.139139 |
||
| 999 |
_c106380 _d106380 |
||